[Event "Boardwalk Pearson Invitational 2019"]
[Site "Port Elizabeth"]
[Date "2019.03.29"]
[Round "1.1"]
[White "Oatlhotse, Providence"]
[Black "Klaver, Cornelis"]
[Result "1-0"]
[WhiteElo "2320"]
[BlackElo "2072"]
[Annotator "TA"]
[PlyCount "81"]
[EventDate "2019.03.29"]
[EventType "swiss"]
[EventCountry "RSA"]
[SourceTitle "playchess.com"]
[Source "ChessBase"]
[SourceQuality "1"]

{[%evp 18,81,17,18,34,11,1,14,80,55,72,51,50,29,28,35,25,25,20,21,45,29,32,29,64,57,189,199,193,198,196,199,179,187,200,192,209,193,180,197,231,96,80,79,86,83,156,156,147,143,200,188,186,186,207,201,655,655,644,644,641,637,637,592,557,519]} 1. Nf3 g6 2. c4 Bg7 3. Nc3 f5 4. g3 Nf6 5. Bg2 O-O 6. Rb1 d6 7. b4 e5 8. d3 h6 9. O-O g5 10. Qb3 Kh8 {A21: English Opening: 1...e5 2 Nc3} (10... Qe8 11. Nd5 Qf7 12. Nxf6+ Qxf6 13. Nd2 Nc6 14. Bb2 h5 15. b5 Ne7 16. c5+ Be6 17. Nc4 Ng6 18. cxd6 cxd6 19. Bxb7 {½-½ (73) Hickl,J (2608)-Forster,R (2514) Switzerland 2006}) 11. c5 Qe8 $146 ({Predecessor:} 11... Nc6 12. e3 d5 13. b5 e4 14. bxc6 exf3 15. cxb7 Bxb7 16. Bxf3 Bc6 17. Ne2 Rb8 18. Qxb8 Qxb8 19. Rxb8 Rxb8 {1-0 (33) Ynojosa Aponte,F (2387)-Blit,J (2374) chess.com INT 2018}) 12. cxd6 Be6 (12... cxd6 $11 13. Qa3 Qe6) 13. Qa4 (13. Qa3 {is more complex.} cxd6 14. b5 Rf7 15. Qxd6 Nbd7 16. Qa3) 13... Qxa4 14. Nxa4 cxd6 15. b5 Nbd7 ({Much worse is} 15... Bxa2 $6 16. Ra1 $16) 16. Ba3 Bxa2 17. Ra1 Bd5 18. Bxd6 Rfe8 19. Rac1 Re6 20. Bb4 a6 21. Nc3 $36 {[%mdl 2048] White is pushing.} axb5 (21... Bxf3 $14 22. Bxf3 a5) 22. Nxd5 $18 ({Stronger than} 22. Nxb5 Ra4 $11) 22... Nxd5 {[#]} 23. Nxg5 $1 {[%mdl 576] Discovered Attack} hxg5 24. Bxd5 Rb6 25. Rc7 Nf6 26. Bxb7 Rb8 27. Rc8+ Rxc8 28. Bxc8 f4 29. Bf5 (29. Rc1 $18 {has better winning chances.}) 29... Nd5 $16 30. Bd2 b4 31. Rc1 {Threatens to win with Rc8+.} Bf6 (31... Bf8 $142) 32. Be4 Ne7 33. Rb1 Nc6 (33... b3 $16 {was necessary.} 34. Ba5 Rb5) 34. Bxc6 Rxc6 35. Bxb4 $18 {[%mdl 4096] Endgame KRB-KRB} Rb6 {[#]} 36. Rb2 $1 e4 $2 {[#]} (36... Kh7) 37. Bc3 $1 {[%mdl 512] White is clearly winning.} Rc6 (37... Bxc3 38. Rxb6) 38. Bxf6+ Rxf6 39. dxe4 fxg3 40. hxg3 Kg7 41. Kg2 {Accuracy: White = 65%, Black = 42%.} 1-0

[Event "Boardwalk Pearson Invitational 2019"]
[Site "Port Elizabeth"]
[Date "2019.03.29"]
[Round "1.2"]
[White "Khumalo, Keith"]
[Black "Hercules, Benjamin Vincent"]
[Result "1-0"]
[WhiteElo "2015"]
[BlackElo "2194"]
[Annotator "TA"]
[PlyCount "151"]
[EventDate "2019.03.29"]
[EventType "swiss"]
[EventCountry "RSA"]
[SourceTitle "playchess.com"]
[Source "ChessBase"]
[SourceQuality "1"]

{[%evp 20,151,18,31,39,26,45,28,54,59,62,16,28,24,10,15,26,0,0,0,0,0,1,1,5,-16,0,0,19,11,7,-26,0,0,0,-10,0,0,0,-7,-5,-12,0,0,36,0,0,-30,-30,-30,-30,-39,-32,-35,-37,-37,-28,-23,-7,-10,-6,-6,0,0,0,0,11,0,0,0,0,0,0,0,0,0,0,0,0,0,0,0,0,0,0,0,24,24,218,218,218,207,170,165,154,160,148,14,313,318,321,358,243,200,1712,1706,1514,1499,1400,1462,1443,1547,1383,1411,2145,279,2752,233,3233,233,2632,1325,29957,29957,12845,4510,29963,29963,29957,29960,5342,6543,4622,4606]} 1. d4 d5 2. c4 e6 3. Nf3 Nf6 4. g3 Be7 5. Bg2 O-O 6. O-O dxc4 7. Ne5 Nc6 8. Bxc6 bxc6 9. Nxc6 Qe8 10. Nxe7+ Qxe7 11. Qa4 c5 {E05: Open Catalan: 5 Nf3 Be7} (11... e5 12. dxe5 Qxe5 13. Nc3 Ne4 14. Qxc4 Nxc3 15. bxc3 Be6 16. Bf4 Bxc4 17. Bxe5 c6 18. Rfe1 Rfe8 19. Bd4 Bxe2 {½-½ (28) Meier,G (2628)-Giri,A (2782) Dortmund 2018}) 12. Qa3 Bb7 13. Qxc5 Qxc5 {White has an edge.} 14. dxc5 Rfc8 15. Na3 Rxc5 16. Be3 Rcc8 $146 ({Predecessor:} 16... Rc6 17. Rac1 Ba6 18. Rc2 Nd5 19. Bd2 {½-½ (41) Mueller Clostermann,B (2166)-Siegmund,R (2077) Niedrhausen 2016}) 17. Rac1 Ba6 18. Bd4 c3 19. Rxc3 Rxc3 20. Bxc3 Bxe2 21. Re1 Bf3 22. Bd4 a5 23. Nc4 h6 24. Re3 Bc6 25. Ra3 a4 26. Bxf6 gxf6 $11 {[%mdl 4096] Endgame KRB-KRN} 27. Ne3 Rd8 28. Rc3 Bf3 29. Rc4 Rb8 30. Rf4 Bc6 31. Rc4 Bd7 32. Rc7 Bb5 33. f4 Bd3 34. Rc3 Bb1 35. b3 a3 36. b4 Rxb4 37. Rxa3 Be4 38. Rb3 Ra4 39. a3 f5 40. Kf2 Kg7 41. Rc3 Ra7 42. Nc4 Rb7 43. Nd6 Rd7 (43... Rb1 {with more complications.} 44. a4 Ra1 45. Rc7 Rxa4 46. Nxf7 Ra2+) 44. Nxe4 fxe4 {KR-KR} 45. Ke3 f5 46. a4 {[%cal Ba3a4,Ba4a5,Ba5a6,Ba6a7][%mdl 32]} Ra7 47. Ra3 Ra5 48. Kd4 Kf6 49. Kc4 e5 50. Kb4 Ra8 51. a5 exf4 52. gxf4 {Strongly threatening Kb5.} Ke6 53. Kc5 {Threatens to win with Kc6.} Rc8+ $2 (53... Kd7 $1 $11) 54. Kd4 $18 Rd8+ 55. Ke3 $1 Kd5 56. a6 Kc6 57. Ra5 Rf8 {intending ...Kb6.} 58. Re5 (58. a7 $1 $16 {[%cal Ra7a8]} Kb7 59. a8=R Rxa8 60. Rxf5) 58... Rf6 $2 {[%mdl 8192]} (58... Kb6 $1 $11 {and Black is okay.}) 59. a7 Kb7 {[#]} 60. Re7+ $1 Ka8 61. Kd4 Ra6 $2 (61... Rf8 62. Ke5 h5) 62. Ke5 Ra5+ 63. Kf6 Rxa7 64. Re8+ Kb7 65. Kxf5 Ra2 66. h4 Rh2 67. Kg4 $2 (67. Kg6 Rxh4 68. f5 (68. Rxe4 Kc7 $14) 68... Rg4+ 69. Kxh6) 67... Re2 $2 (67... Kc6 68. Rxe4 Kd5 69. Re5+ Kd6) 68. f5 Kc7 $2 (68... Kc6 69. Kh5 Kd7) 69. Re6 $2 (69. Kh5 Kd7 70. Re6) 69... Kd7 $2 {[#]} (69... e3 70. Kh5 (70. Rxh6 Rg2+ 71. Kh5 Rf2 $16) 70... Re1) 70. Kh5 $1 {[%cal Rh5h6]} e3 71. Kxh6 Rf2 72. Kg6 e2 73. h5 Rg2+ 74. Kf7 Rf2 75. f6 Rg2 76. Re3 {Accuracy: White = 63%, Black = 33%.} 1-0

[Event "Boardwalk Pearson Invitational 2019"]
[Site "Port Elizabeth"]
[Date "2019.03.29"]
[Round "1.3"]
[White "Bezuidenhout, Roland"]
[Black "Kromhout, Ewan"]
[Result "1/2-1/2"]
[WhiteElo "2171"]
[BlackElo "2007"]
[Annotator "TA"]
[PlyCount "101"]
[EventDate "2019.03.29"]
[EventType "swiss"]
[EventCountry "RSA"]
[SourceTitle "playchess.com"]
[Source "ChessBase"]
[SourceQuality "1"]

{[%evp 14,101,54,47,51,45,52,50,54,41,38,26,47,33,35,37,36,37,48,30,30,27,41,32,55,40,82,56,58,66,48,42,36,29,39,27,73,9,15,15,18,12,21,19,46,40,43,0,19,0,32,33,38,54,45,27,56,70,177,89,88,68,52,34,38,0,0,0,22,27,24,8,35,8,8,9,44,6,106,103,83,0,8,6,6,8,8,0,0,0]} 1. e4 c5 2. Nf3 b6 3. c4 Bb7 4. Nc3 e6 5. Be2 d6 6. d4 cxd4 7. Nxd4 Nf6 8. f3 Be7 {A31: Symmetrical English: 2 Nf3 Nf6 3 d4} 9. Be3 O-O 10. Qd2 Nc6 {White is slightly better.} (10... a6 11. O-O-O Nbd7 12. g4 Rc8 13. g5 Ne8 14. Kb1 Ne5 15. b3 Nc6 16. Nc2 b5 17. cxb5 axb5 18. Nxb5 {1-0 (37) Mareco,S (2643)-Cordova,E (2621) Montevideo 2018}) 11. Nxc6 $146 ({Predecessor:} 11. O-O Rc8 12. Rfd1 Ne5 13. b3 a6 14. Rac1 Qc7 15. Qe1 Rfe8 16. Qf2 Ned7 17. Bf1 Qb8 18. g4 g6 19. Nde2 Bf8 {1-0 (48) Lehtinen,H (2381)-Parfjonov,P (2252) Dresden 2008}) 11... Bxc6 12. O-O Qc7 13. Rac1 Qb7 14. b4 Rac8 15. Rfd1 Qb8 16. Qb2 Rfd8 17. Bd4 h5 18. Bd3 Qa8 19. a3 h4 20. Qf2 Nd7 21. f4 e5 22. Be3 exf4 23. Bxf4 Ne5 24. Bxe5 dxe5 25. Nd5 (25. Qf5 $16) 25... Bg5 $11 {[%cal Rc6d5]} 26. Rf1 Qb7 27. Rce1 f6 28. g3 h3 29. b5 Be8 30. g4 Bf7 31. Qf3 Be6 32. Qxh3 Qd7 33. Be2 Qd6 {[%cal Re6d5]} 34. Qg3 Qc5+ 35. Kg2 Kf7 (35... Bf4 $14 36. Qf3 Rf8) 36. h4 ({White should try} 36. Qxe5 $1 $18 Bxd5 37. exd5) 36... Bf4 $16 37. Nxf4 exf4 38. Qxf4 {aiming for g5.} Kg8 39. h5 Bxc4 40. h6 Qe5 (40... Qxb5 {feels hotter.} 41. Bxc4+ Rxc4 42. hxg7 Rc2+ 43. Rf2 Rxf2+ 44. Kxf2 Qb2+) 41. Qxe5 fxe5 42. hxg7 Kxg7 43. Rf5 Bxe2 44. Rxe2 $11 {[%mdl 4096] Endgame KRR-KRR} Rc5 45. Ref2 Rd4 (45... Rd3 $11 {remains equal.}) 46. Kg3 $16 Rxe4 {[#]} 47. Rf7+ (47. Rg5+ $1 $16 Kh6 48. Kh4) 47... Kg6 $11 {The position is equal.} 48. R2f6+ Kg5 49. Rf5+ Kg6 50. Kf3 Ra4 51. R7f6+ {Accuracy: White = 48%, Black = 45%.} 1/2-1/2

[Event "Boardwalk Pearson Invitational 2019"]
[Site "Port Elizabeth"]
[Date "2019.03.29"]
[Round "1.4"]
[White "Odendaal, Frederick"]
[Black "Beukes, Dante M"]
[Result "1/2-1/2"]
[WhiteElo "1992"]
[BlackElo "2114"]
[Annotator "TA"]
[PlyCount "122"]
[EventDate "2019.03.29"]
[EventType "swiss"]
[EventCountry "RSA"]
[SourceTitle "playchess.com"]
[Source "ChessBase"]
[SourceQuality "1"]

{[%evp 19,122,0,3,-10,12,3,33,0,0,0,19,12,75,82,133,65,108,90,245,238,225,248,265,176,179,142,216,187,201,127,142,67,68,68,96,96,82,79,98,118,116,75,67,69,94,34,58,58,52,32,51,52,48,50,58,28,30,8,11,0,28,12,30,28,58,32,39,30,58,20,20,12,58,0,22,20,28,16,18,16,38,20,20,20,20,20,20,20,20,20,20,20,20,20,20,20,29,31,35,16,14,8,20,16,18]} 1. d4 Nf6 2. Nf3 g6 3. Nbd2 Bg7 4. e4 d6 5. Bc4 O-O 6. Bb3 Nc6 7. c3 e5 {B07: Pirc Defence: Miscellaneous Systems} 8. dxe5 Nxe5 9. Nxe5 dxe5 10. O-O Qe7 {LiveBook: 5 Games} 11. Qe2 Nh5 $146 ({Predecessor:} 11... Be6) 12. g3 Be6 13. Nc4 a5 14. Ne3 {[%cal Bc4e3,Be3g4,Bg4h2][%mdl 32]} a4 15. Bxe6 fxe6 (15... Qxe6 $11 {remains equal.} 16. Nd5 Rfc8) 16. Ng4 $16 Rf7 (16... Nf6 $142) 17. h3 (17. Rd1 $16) 17... Ra5 18. Bd2 Nf4 $2 (18... Qc5 $16 19. Be3 Qc6) 19. gxf4 $18 exf4 20. f3 h5 21. Nh2 Qh4 22. Kh1 Rg5 (22... Qxh3 $16 {is a better defense.} 23. Rg1 Kh7) 23. Rg1 Rg3 24. Be1 Qxh3 25. Bxg3 ({Better is} 25. Rd1 $16) 25... fxg3 $14 26. Qg2 Qxh2+ 27. Qxh2 gxh2 28. Rxg6 Rxf3 29. Kxh2 {[%mdl 4096] Endgame KRR-KRB} Kf7 30. Rg5 a3 31. bxa3 Bxc3 {[#]} 32. Rb1 ({White should play} 32. Kg2 $1 $16) 32... Bd2 33. Rxh5 {Strongly threatening Rb3.} Rxa3 34. Rxb7 Bf4+ 35. Kg2 Rxa2+ 36. Kf3 Bh2 37. Rh7+ Kg6 38. Re7 Kf6 39. Rh7 Kg6 40. Rh8 Bd6 41. Rb3 Kf6 42. Rh5 Kg6 43. Rhb5 Rh2 44. Ke3 Kf6 45. Kd4 {[#] And now e5+ would win.} Rd2+ (45... c5+ $5 46. Kc4 Ke5 $14) 46. Ke3 Rh2 47. Rd3 Be5 48. Rd1 Rh3+ 49. Ke2 Rh2+ 50. Kf3 Rh3+ 51. Kg2 Rg3+ 52. Kf2 Rc3 53. Ke2 {Hoping for Rf1+.} c5 54. Rf1+ Ke7 55. Rb7+ Kd6 56. Rb6+ Ke7 57. Rh1 {Black must now prevent Rh6.} Bf4 58. Rh4 Bg5 59. Rg4 Kf6 {The position is equal.} 60. Rc6 Bh6 61. Rh4 Bg5 {Precision: White = 41%, Black = 41%.} 1/2-1/2

[Event "Boardwalk Pearson Invitational 2019"]
[Site "Port Elizabeth"]
[Date "2019.03.29"]
[Round "2.1"]
[White "Khumalo, Keith"]
[Black "Oatlhotse, Providence"]
[Result "1/2-1/2"]
[WhiteElo "2015"]
[BlackElo "2320"]
[Annotator "NA"]
[PlyCount "27"]
[EventDate "2019.03.29"]
[EventType "swiss"]
[EventCountry "RSA"]
[SourceTitle "playchess.com"]
[Source "ChessBase"]
[SourceQuality "1"]
[TimeControl "40/5400+30:1800+30"]

1. d4 {[%emt 0:00:00]} Nf6 {[%emt 0:00:00]} 2. c4 {[%emt 0:00:00]} e6 {[%emt 0:00:00]} 3. Nf3 {[%emt 0:00:00]} b6 {[%emt 0:00:00]} 4. g3 {[%emt 0:00:05]} Ba6 {[%emt 0:00:00]} 5. Qa4 {[%emt 0:00:09]} c6 {[%emt 0:00:26]} 6. Nc3 {[%emt 0:02:54]} d5 {[%emt 0:00:28]} 7. cxd5 {[%emt 0:01:11]} exd5 {[%emt 0:00:05]} 8. Bg2 {[%emt 0:00:55]} Bd6 {[%emt 0:02:29]} 9. O-O {[%emt 0:00:25]} O-O {[%emt 0:01:01]} 10. Qc2 {[%emt 0:01:18]} Nbd7 {[%emt 0:01:10]} 11. Re1 {[%emt 0:00:10]} Rc8 {[%emt 0:03:47]} 12. Nh4 {[%emt 0:21:35]} g6 {[%emt 0:09:40]} 13. Bg5 {[%emt 0:09:35]} Re8 {[%emt 0:09:13]} 14. Bh3 {[%emt 0:04:02]} 1/2-1/2

[Event "Boardwalk Pearson Invitational 2019"]
[Site "Port Elizabeth"]
[Date "2019.03.29"]
[Round "2.2"]
[White "Beukes, Dante M"]
[Black "Bezuidenhout, Roland"]
[Result "0-1"]
[WhiteElo "2114"]
[BlackElo "2171"]
[Annotator "NA"]
[PlyCount "50"]
[EventDate "2019.03.29"]
[EventType "swiss"]
[EventCountry "RSA"]
[SourceTitle "playchess.com"]
[Source "ChessBase"]
[SourceQuality "1"]
[TimeControl "40/5400+30:1800+30"]

1. e4 {[%emt 0:00:00]} e6 {[%emt 0:00:26]} 2. d4 {[%emt 0:00:00]} d5 {[%emt 0:00:05]} 3. e5 {[%emt 0:00:00]} c5 {[%emt 0:00:08]} 4. c3 {[%emt 0:00:00]} Nc6 {[%emt 0:00:07]} 5. Nf3 {[%emt 0:00:00]} Bd7 {[%emt 0:02:00]} 6. Be2 {[%emt 0:00:12]} f6 {[%emt 0:00:08]} 7. O-O {[%emt 0:01:42]} Qc7 {[%emt 0:00:07]} 8. Re1 {[%emt 0:01:04]} O-O-O {[%emt 0:00:37]} 9. Bf1 {[%emt 0:10:15]} fxe5 {[%emt 0:03:45]} 10. Nxe5 {[%emt 0:03:16]} Nxe5 {[%emt 0:00:14]} 11. dxe5 {[%emt 0:04:43]} Ne7 {[%emt 0:01:18]} 12. Nd2 {[%emt 0:01:49]} Nc6 {[%emt 0:01:40]} 13. Nf3 {[%emt 0:01:53]} Be7 {[%emt 0:01:08]} 14. a3 {[%emt 0:03:21]} h6 {[%emt 0:01:20]} 15. b4 {[%emt 0:05:46]} g5 {[%emt 0:01:03]} 16. Qe2 {[%emt 0:03:31]} g4 {[%emt 0:00:38]} 17. Nd2 {[%emt 0:00:24]} h5 {[%emt 0:01:47]} 18. c4 {[%emt 0:16:02]} Nd4 {[%emt 0:01:48]} 19. Qd3 {[%emt 0:02:18]} Ba4 {[%emt 0:01:24]} 20. Ra2 {[%emt 0:02:52]} dxc4 {[%emt 0:00:43]} 21. Qxc4 {[%emt 0:03:29]} b5 {[%emt 0:00:31]} 22. Qc3 {[%emt 0:03:36]} cxb4 {[%emt 0:00:22]} 23. Qxc7+ {[%emt 0:02:18]} Kxc7 {[%emt 0:00:05]} 24. axb4 {[%emt 0:01:59]} Bxb4 {[%emt 0:00:36]} 25. Re4 {[%emt 0:05:55]} a5 {[%emt 0:01:57]} 0-1

[Event "Boardwalk Pearson Invitational 2019"]
[Site "Port Elizabeth"]
[Date "2019.03.29"]
[Round "2.3"]
[White "Kromhout, Ewan"]
[Black "Odendaal, Frederick"]
[Result "1/2-1/2"]
[WhiteElo "2007"]
[BlackElo "1992"]
[Annotator "NA"]
[PlyCount "150"]
[EventDate "2019.03.29"]
[EventType "swiss"]
[EventCountry "RSA"]
[SourceTitle "playchess.com"]
[Source "ChessBase"]
[SourceQuality "1"]
[TimeControl "40/5400+30:1800+30"]

1. d4 {[%emt 0:00:00]} Nf6 {[%emt 0:00:00]} 2. Nf3 {[%emt 0:00:00]} d5 {[%emt 0:00:41]} 3. e3 {[%emt 0:00:00]} e6 {[%emt 0:00:03]} 4. Bd3 {[%emt 0:00:20]} c5 {[%emt 0:00:23]} 5. c3 {[%emt 0:00:07]} Nbd7 {[%emt 0:01:33]} 6. Nbd2 {[%emt 0:00:25]} g6 {[%emt 0:00:19] D05: Colle System with ...e6} (6... b6 7. Qe2 Bb7 8. O-O Be7 9. b3 O-O 10. Bb2 Rc8 11. Rac1 Bd6 12. c4 cxd4 13. exd4 Qe7 14. Ne5 Ba3 15. Bxa3 Qxa3 {½-½ (44) Kramnik,V (2777)-Ding,L (2813) Wijk aan Zee 2019}) 7. O-O {[%emt 0:02:12]} Bg7 {[%emt 0:00:13]} 8. Ne5 {[%emt 0:00:35]} Nxe5 {[%emt 0:02:09]} 9. dxe5 {[%emt 0:00:47]} Nd7 {[%emt 0:01:37]} 10. f4 {[%emt 0:00:07]} O-O {[%emt 0:00:31]} 11. e4 $146 {[%emt 0:16:45]} ({Predecessor:} 11. Qe1 d4 12. cxd4 cxd4 13. exd4 Nxe5 14. dxe5 {0-1 (45) Bauer,S (1500)-Koerlin,H (1693) Berlin 2015}) 11... Nb6 {[%emt 0:04:57]} 12. exd5 {[%emt 0:03:52]} exd5 {[%emt 0:01:30]} 13. Nf3 {[%emt 0:00:45]} Qc7 {[%emt 0:07:30]} 14. f5 {[%emt 0:13:52]} gxf5 {[%emt 0:08:54]} 15. Bf4 {[%emt 0:02:36]} f6 {[%emt 0:05:51]} 16. Re1 {[%emt 0:13:02]} Qf7 {[%emt 0:06:46]} 17. exf6 {[%emt 0:06:31]} Bxf6 {[%emt 0:04:45]} 18. Bd6 {[%emt 0:02:01]} Re8 {[%emt 0:02:47]} 19. Rxe8+ {[%emt 0:02:32]} Qxe8 {[%emt 0:00:02]} 20. Bxc5 {[%emt 0:03:10]} Na4 {[%emt 0:00:54]} 21. Ba3 {[%emt 0:01:23]} Qe3+ {[%emt 0:01:49]} 22. Kh1 {[%emt 0:01:30]} Bd7 {[%emt 0:01:12]} 23. Qc2 {[%emt 0:01:13]} Qf4 {[%emt 0:02:28]} 24. Rf1 {[%emt 0:01:40]} Re8 {[%emt 0:13:16]} 25. Nd4 {[%emt 0:04:33]} Qh4 {[%emt 0:01:41]} 26. g3 {[%emt 0:06:23]} Qh5 {[%emt 0:02:26]} 27. Qg2 {[%emt 0:04:10]} Nb6 {[%emt 0:03:02]} 28. Bc5 {[%emt 0:01:53]} Kh8 {[%emt 0:04:43]} 29. Bxb6 {[%emt 0:00:43]} axb6 {[%emt 0:00:06]} 30. Qf3 {[%emt 0:05:36]} Qg5 {[%emt 0:03:23]} 31. Bxf5 {[%emt 0:00:56]} Bxf5 {[%emt 0:04:21]} 32. Qxf5 {[%emt 0:01:29]} Qxf5 {[%emt 0:00:18]} 33. Rxf5 {[%emt 0:00:26]} Bxd4 {[%emt 0:01:05]} 34. cxd4 {[%emt 0:00:15]} Re2 {[%emt 0:00:07]} 35. Rxd5 {[%emt 0:00:46]} Rxb2 {[%emt 0:00:06]} 36. Rd8+ {[%emt 0:00:14]} Kg7 {[%emt 0:01:01]} 37. Rd7+ {[%emt 0:00:01]} Kg6 {[%emt 0:01:04]} 38. Rxb7 {[%emt 0:00:02]} Rxa2 {[%emt 0:01:14]} 39. Rxb6+ {[%emt 0:00:10]} Kg5 {[%emt 0:00:38]} 40. d5 {[%emt 0:00:00]} Rd2 {[%emt 0:00:00]} 41. d6 {[%emt 0:09:55]} Kg4 {[%emt 0:03:53]} 42. Rb7 {[%emt 0:07:59]} h6 {[%emt 0:06:58]} 43. Rb4+ {[%emt 0:01:11]} (43. d7 $18) 43... Kg5 {[%emt 0:02:24]} 44. Rb6 {[%emt 0:05:38]} Kg4 {[%emt 0:03:19]} 45. d7 {[%emt 0:05:41]} h5 {[%emt 0:00:22]} 46. Rb4+ {[%emt 0:00:39]} Kf5 {[%emt 0:03:25]} 47. Rb7 $11 {[%emt 0:03:25]} Kg4 {[%emt 0:00:10]} 48. Kg1 {[%emt 0:01:18]} Kf3 {[%emt 0:11:23]} 49. Rb3+ {[%emt 0:01:48]} Kg4 {[%emt 0:00:05]} 50. Rb4+ {[%emt 0:00:16]} Kf5 {[%emt 0:00:30]} 51. Rb7 {[%emt 0:01:02]} Kg4 {[%emt 0:00:11]} 52. Kf1 {[%emt 0:00:32]} Kh3 {[%emt 0:02:08]} 53. Ke1 {[%emt 0:00:59]} Rd6 {[%emt 0:01:31]} 54. Kf2 {[%emt 0:00:46]} Kxh2 {[%emt 0:04:27]} 55. Kf3 {[%emt 0:01:02]} Kh3 {[%emt 0:03:28]} 56. Ke4 {[%emt 0:01:34]} Rd1 {[%emt 0:02:00]} 57. Kf4 {[%emt 0:00:21]} Rd2 {[%emt 0:01:46]} 58. Ke3 {[%emt 0:00:32]} Rd6 {[%emt 0:00:07]} 59. Kf4 {[%emt 0:00:54]} Rd2 {[%emt 0:00:24]} 60. Kg5 {[%emt 0:00:45]} Rd5+ {[%emt 0:00:20]} 61. Kg6 {[%emt 0:00:16]} Kxg3 {[%emt 0:01:49]} 62. Rb3+ {[%emt 0:00:34]} Kg4 {[%emt 0:00:56]} 63. Rb4+ {[%emt 0:00:02]} Kg3 {[%emt 0:00:26]} 64. Rb3+ {[%emt 0:00:34]} Kg4 {[%emt 0:00:02]} 65. Rb7 {[%emt 0:00:58]} h4 {[%emt 0:00:31]} 66. Kf6 {[%emt 0:00:10]} h3 {[%emt 0:00:52]} 67. Ke6 {[%emt 0:00:03]} Rxd7 {[%emt 0:02:36]} 68. Rxd7 {[%emt 0:00:04]} h2 {[%emt 0:00:01]} 69. Rd1 {[%emt 0:00:45]} Kg3 {[%emt 0:00:08]} 70. Kf5 {[%emt 0:00:03]} Kg2 {[%emt 0:00:04]} 71. Rd2+ {[%emt 0:01:17]} Kg1 {[%emt 0:01:24]} 72. Rd1+ {[%emt 0:01:02]} Kg2 {[%emt 0:00:03]} 73. Rd2+ {[%emt 0:00:39]} Kg1 {[%emt 0:00:02]} 74. Kg4 {[%emt 0:00:35]} h1=Q {[%emt 0:01:20]} 75. Rd1+ {[%emt 0:00:12]} Kh2 {[%emt 0:00:49]} 1/2-1/2

[Event "Boardwalk Pearson Invitational 2019"]
[Site "Port Elizabeth"]
[Date "2019.03.29"]
[Round "2.4"]
[White "Hercules, Benjamin Vincent"]
[Black "Klaver, Cornelis"]
[Result "1-0"]
[WhiteElo "2194"]
[BlackElo "2072"]
[Annotator "NA"]
[PlyCount "71"]
[EventDate "2019.03.29"]
[EventType "swiss"]
[EventCountry "RSA"]
[SourceTitle "playchess.com"]
[Source "ChessBase"]
[SourceQuality "1"]
[TimeControl "40/5400+30:1800+30"]

1. d4 {[%emt 0:00:00]} g6 {[%emt 0:00:00]} 2. c4 {[%emt 0:00:03]} f5 {[%emt 0:02:43]} 3. h4 {[%emt 0:01:03]} Nf6 {[%emt 0:04:28]} 4. h5 {[%emt 0:02:14]} Bg7 {[%emt 0:08:07]} 5. h6 {[%emt 0:00:49]} Bf8 {[%emt 0:00:05]} 6. Nc3 {[%emt 0:01:26]} Nc6 {[%emt 1:17:37]} 7. Nf3 {[%emt 1:27:55]} d5 {[%emt 0:00:00]} 8. Bf4 {[%emt 0:00:00]} e6 {[%emt 0:00:00]} 9. c5 {[%emt 0:00:00]} a6 {[%emt 0:00:00]} 10. e3 {[%emt 0:00:00]} Be7 {[%emt 0:00:00]} 11. Be2 {[%emt 0:00:00]} Ne4 {[%emt 0:00:00]} 12. Nxe4 {[%emt 0:00:00]} fxe4 {[%emt 0:00:00]} 13. Ne5 {[%emt 0:00:00]} Nxe5 {[%emt 0:00:00]} 14. Bxe5 {[%emt 0:00:00]} Bf6 {[%emt 0:00:00]} 15. Bg3 {[%emt 0:00:00]} O-O {[%emt 0:00:00]} 16. f3 {[%emt 0:00:00]} exf3 {[%emt 0:00:00]} 17. gxf3 {[%emt 0:00:00]} Bd7 {[%emt 0:00:00]} 18. f4 {[%emt 0:00:00]} b6 {[%emt 0:00:00]} 19. Rc1 {[%emt 0:00:00]} bxc5 {[%emt 0:00:00]} 20. Rxc5 {[%emt 0:00:00]} Be7 {[%emt 0:00:00]} 21. Rc2 {[%emt 0:00:00]} Bb4+ {[%emt 0:00:00]} 22. Kf2 {[%emt 0:00:00]} Bd6 {[%emt 0:00:00]} 23. Kg1 {[%emt 0:00:00]} g5 {[%emt 0:00:02]} 24. Bd3 {[%emt 0:00:00]} Kh8 {[%emt 0:01:33]} 25. Rg2 {[%emt 0:00:00]} gxf4 {[%emt 0:00:36]} 26. Bh4 {[%emt 0:00:00]} Be7 {[%emt 0:00:50]} 27. Rg7 {[%emt 0:00:00]} Bxh4 {[%emt 0:03:12]} 28. Rxh7+ {[%emt 0:00:00]} Kg8 {[%emt 0:00:01]} 29. Qg4+ {[%emt 0:00:00]} Bg5 {[%emt 0:00:02]} 30. Rh5 {[%emt 0:00:00]} Rf5 {[%emt 0:00:26]} 31. Bxf5 {[%emt 0:00:00]} exf5 {[%emt 0:00:05]} 32. Rxg5+ {[%emt 0:00:00]} Kxh7 {[%emt 0:00:59]} 33. Rg7+ {[%emt 0:00:00]} Kh8 {[%emt 0:00:06]} 34. Qg6 {[%emt 0:00:00]} Qg8 {[%emt 0:00:02]} 35. Qf6 {[%emt 0:00:00]} Qe6 {[%emt 0:00:39]} 36. Rh7+ {[%emt 0:00:00]} 1-0